000 00314nam a22001453 4500
001 206820
005 20250623132436.0
090 _a206820
100 _a20250623 ukry50
101 _aukr
102 _aUA
200 _a
210 _d2025
801 _2unimarc
_aUA
_gpsbo
942 _cJOURNAL